LEADER 01125oam 2200397zu 450 001 996207491203316 005 20210807004646.0 010 $a1-4673-2576-7 035 $a(CKB)3420000000000880 035 $a(SSID)ssj0000781040 035 $a(PQKBManifestationID)12371901 035 $a(PQKBTitleCode)TC0000781040 035 $a(PQKBWorkID)10803969 035 $a(PQKB)10407640 035 $a(NjHacI)993420000000000880 035 $a(EXLCZ)993420000000000880 100 $a20160829d2012 uy 101 0 $aeng 135 $aur||||||||||| 181 $ctxt 182 $cc 183 $acr 200 10$a2012 IEEE/ASME International Conference on Advanced Intelligent Mechatronics 210 31$a[Place of publication not identified]$cIEEE$d2012 215 $a1 online resource 300 $aBibliographic Level Mode of Issuance: Monograph 311 $a1-4673-2575-9 606 $aMechatronics$vCongresses 615 0$aMechatronics 676 $a621 702 $aieee 801 0$bPQKB 906 $aPROCEEDING 912 $a996207491203316 996 $a2012 IEEE$92494644 997 $aUNISA LEADER 01786nam 22004813 450 001 9911066124303321 005 20251201183315.0 010 $a1-76154-047-5 010 $a1-76154-048-3 035 $a(MiAaPQ)EBC32386496 035 $a(Au-PeEL)EBL32386496 035 $a(CKB)42013043600041 035 $a(OCoLC)1549522300 035 $a(EXLCZ)9942013043600041 100 $a20251106d2025 uy 0 101 0 $aeng 135 $aurcnu|||||||| 181 $ctxt$2rdacontent 182 $cc$2rdamedia 183 $acr$2rdacarrier 200 10$aArchaeologies of Food in Australia 205 $a1st ed. 210 1$aSydney :$cSydney University Press,$d2025. 210 4$dİ2025. 215 $a1 online resource (291 pages) 225 1 $aTom Austen Brown Studies in Australasian Archaeology Series 311 08$a1-76154-050-5 311 08$a1-76154-049-1 330 $aTwenty-first century Australia is a nation somewhat obsessed with food. From cookbooks to television screens, we are surrounded by conversations about what and how we eat. This fixation highlights the fact that food is, and always has been, a central component of human culture - especially in a diverse nation like Australia. 410 0$aTom Austen Brown studies in Australasian archaeology 606 $aSOCIAL SCIENCE / Anthropology / Cultural & Social$2bisacsh 606 $aSOCIAL SCIENCE / Archaeology$2bisacsh 615 7$aSOCIAL SCIENCE / Anthropology / Cultural & Social 615 7$aSOCIAL SCIENCE / Archaeology 676 $a641.300994 700 $aShanahan$b Madeline$01671367 801 0$bMiAaPQ 801 1$bMiAaPQ 801 2$bMiAaPQ 906 $aBOOK 912 $a9911066124303321 996 $aArchaeologies of Food in Australia$94548401 997 $aUNINA